Które miasto w Wielkiej Brytanii? - Statystyki

Ogólne statystyki
  • Ten quiz został rozwiązany 123 razy
  • Średni wynik to 12 z 20
Statystyki odpowiedzi
Opis Litera Miasto % Poprawnych
Stolica Wielkiej Brytanii L Londyn
100%
Wśród brytyjskich miast to miasto przyciąga drugą co do wielkości liczbę turystów zagranicznych E Edynburg
94%
The Beatles pochodzą z tego miasta nad rzeką Mersey L Liverpool
94%
Miasto kiedyś nazywane „Cottonopolis” ze względu na liczne fabryki włókiennicze M Manchester
73%
James Watt wynalazł swój silnik parowy w tym mieście, znane jest również z gangu „Peaky Blinders” B Birmingham
69%
Jego drużyna wygrała Premier League 2016 pomimo kursu 5000-1 L Leicester
69%
Isaac Newton był członkiem wydziału uniwersytetu tego miasta C Cambridge
64%
Gdzie zbudowano RMS Titanic B Belfast
63%
Niektórzy obwiniają głęboko batony Mars za niską średnią długość życia w tym mieście G Glasgow
62%
Miasto, którego nazwa jest również pisana jako Caerdydd C Cardiff
59%
Robin Hood mieszkał niedaleko N Nottingham
57%
Miasto, w którym można zobaczyć dona pływającego łodzią po rzece Cherwell O Oxford
56%
Ostatni port postoju statku Mayflower w trakcie jego podróży do Ameryki P Plymouth
52%
Gdzie można zobaczyć HMS Victory P Portsmouth
49%
Znane jako „Stalowe Miasto” S Sheffield
41%
Anioł Północy znajduje się zaledwie kilka mil na południe od miasta, w którym wynaleziono Lucozade N Newcastle
39%
Znane jako miejsce narodzin Marksa i Spencera, miasto jest również domem Królewskiego Muzeum Zbrojowni L Leeds
37%
Stolica hrabstwa Norfolk, drugie co do wielkości miasto Anglii w 1500 r. N Norwich
34%
Arcybiskup tego miasta jest najstarszym biskupem Kościoła Anglii C Canterbury
28%
Często nazywane „Granitowym Miastem” A Aberdeen
25%
Nie znaleziono quizów pasujących do podanych kryteriów
Rozkład punktacji
Procent ludzi z każdym wynikiem
Percentyl według liczby udzielonych odpowiedzi
Twoja historia wyników
Nie rozwiązałeś tego quizu